Zhodnotenie finančného zdravia poisťovne Allianz – Slovenská poisťovňa, a.s. prostredníctvom ukazovateľov finančnej analýzy
Finančné zdravie podniku - finančná analýza podniku. Ukazovatele finančnej analýzy - ukazovatele rentability, likvidity, ale aj aktivity a zadlženosti. Vstupy a výstupy finančnej analýzy. Analýza finančného zdravia poisťovne Allianz – Slovenskej poisťovne, a.s. Allianz – Slovenská poisťovňa, a.s. bo...
Salvato in:
| Autore principale: | |
|---|---|
| Altri autori: | |
| Natura: | Capitolo di libro |
| Lingua: | slovacco |
| Soggetti: | |
| Tags: |
Nessun Tag, puoi essere il primo ad aggiungerne!!
|
MARC
| LEADER | 00000nla a2200000 4500 | ||
|---|---|---|---|
| 001 | 0226440 | ||
| 005 | 20240502073725.6 | ||
| 041 | 0 | |a slo | |
| 044 | |a SK | ||
| 245 | 1 | 0 | |a Zhodnotenie finančného zdravia poisťovne Allianz – Slovenská poisťovňa, a.s. prostredníctvom ukazovateľov finančnej analýzy |c Daniela Katríková, Zuzana Gajdošová |
| 520 | |a Finančné zdravie podniku - finančná analýza podniku. Ukazovatele finančnej analýzy - ukazovatele rentability, likvidity, ale aj aktivity a zadlženosti. Vstupy a výstupy finančnej analýzy. Analýza finančného zdravia poisťovne Allianz – Slovenskej poisťovne, a.s. Allianz – Slovenská poisťovňa, a.s. bola v roku 2015 finančne zdravým podnikom. | ||
| 610 | 2 | 0 | |a poisťovne |
| 610 | 2 | 0 | |a Slovensko |
| 610 | 2 | 0 | |a zdravie podniku finančné |
| 610 | 2 | 0 | |a ukazovatele rentability |
| 610 | 2 | 0 | |a analýza finančná |
| 100 | 1 | |a Katríková, Daniela | |
| 700 | 1 | |a Gajdošová, Zuzana, 1988- | |